• 首页
  • 本馆介绍
  • 公告通知
  • 最新文献
  • 馆藏检索
  • 电子资源
  • 读者导购
  • 参考咨询
  • 我的图书馆
  • 登录
  • 详细信息显示
  • 放入我的书架
  • 预约/预借图书
  • 作者相关作品
  • 分类相关作品
  • 丛书相关作品
  • 出版社相关作品

书目信息

  • 表格格式
  • 工作单格式
  • 卡片格式
题名:
新闻采写经验谈
    
 
作者: 穆青 著
分册:  
出版信息: 北京   新华出版社  1983
页数: 696页
开本: 19cm
丛书名:
单 册:
中图分类: G212.1 , G212
科图分类:
主题词: 新闻采访--经验--中国 , 新闻学 , 新闻工作 , 新闻写作--经验--中国
电子资源:
ISBN:
000 00804nam0 2200277 45
001 0183008595
005 20070719111837.60
010    @dCNY2.00
091    @a7203.042
100    @a19960215d1983 em y0chiy0121 ea
101 0  @achi
102    @aCN@b110000
105    @ay z 000yy
200 10 @a新闻采写经验谈@Axin wen cai xie jing yan tan@e新华社记者训练班专题报告选集@f穆青等著
210    @a北京@c新华出版社@d1983
215    @a696页@d19cm
517 1  @a新华社记者训练班专题报告选集@Axin hua she ji zhe xun lian ban zhuan ti bao gao xuan ji
606    @a新闻采访@x经验@y中国
606 0  @a新闻学
606 0  @a新闻工作
606    @a新闻写作@x经验@y中国
690    @aG212.1
690    @aG212@v3
701  0 @a穆青@Amu qing@4著
801  0 @aCN@bNLC@c20070719
905    @f1@b111631@dG212.1@e22
    
    新闻采写经验谈:新华社记者训练班专题报告选集/穆青等著.-北京:新华出版社,1983
    696页;19cm
    
    
    ISBN :CNY2.00
    
●
相关链接 在E读中查询图书 在五车中查询图书 在当当中查询图书 在豆瓣中查询图书


正题名:新闻采写经验谈     索取号:G212.1/22         预约/预借

序号 登录号 条形码 馆藏地/架位号 状态 备注
1 0111631   000494156   密集书库/ [索取号:G212.1/22] 在馆    
2 0111633   000494165   第一样本阅览室/ [索取号:G212.1/22] 在馆    
3 0767490   207674907   密集书库/ [索取号:G212.1/22] 在馆    
唐山师范学院图书馆 欢迎您!
大连网信软件有限公司© 版权所有